000 00461nmm a2200169Ia 4500
008 251105s9999||||xx |||||||||||||||||und||
020 _a9788498161502
041 _aspa
100 _aGutiérrez, Carlos
245 0 _aVida de Carlos III
264 _a[Madrid, España] :
_bLinkgua,
_c2011
300 _a333 páginas
490 _aHistoria
650 _aPolitical Science (General)
856 _uhttps://public.digitaliapublishing.com/a/15440
942 _cCF
999 _c90905
_d90905